00622nam a2200181Ia 4500008004100000020001800041050001400059100002200073245002400095245009400119260001800213260003800231260000900269300001400278300002600292999001900318952010300337180207s9999 xx 000 0 und d a9789715162388 bC961 2006 aCuanzon, Perla H. aMy grandma Mamita / cPerla H. Cuanzon ; illustrated by Jomar S. Montinola ; colors by Llyoyd Guiller D. Ybera. aPhilippines : bMerryland Publishing Corporation. c2006 aunpaged : bcolor illustrations ; c355902d355902 001040aSSISMbSSISMd2018-02-07l0oBB C961 2006pSSISM5447r2018-02-07 00:00:00w2018-02-07yBK